01933nam a2200301 4500001000400000003000400004005001700008008004100025020001800066040000800084041001300092082001500105100003000120240003000150245007500180260003200255300001100287520116300298650002501461650001901486650001001505650002101515650001501536650002601551655001201577655001601589700002601605118OSt20250528074012.0250127b |||||||e |||| 00| 1 eng d a9788580412192 bpor hengapor a813bC447s aChamberlain, Dianed1950- aThe midwife´s confession aSegredos e mentiras /cChamerlain, Diane ; Tradução de Regina Lyra aSão PaulobArqueiroc2014 a288 p. aCara Anna, Já comecei esta carta várias vezes e aqui estou, começando-a novamente, sem fazer a mínima ideia de como lhe dizer. A carta não terminada é a única pista que Tara e Emy têm para entender o que levou sua amiga Noelle ao suicídio. As três eram inseparáveis desde a faculdade e tudo a respeito de Noelle – seu trabalho de parteira, a forma como se dedicava apaixonadamente a diversas causas sociais, seu amor pelos amigos e a família – se encaixava na descrição de uma mulher que amava a própria vida. Só que havia muitas coisas que Tara e Emy desconheciam. Por exemplo, quem é Anna e por que Noelle nunca a mencionara. Com a descoberta da carta e do terrível segredo que a motivou, as duas começam a desvendar a verdade sobre essa mulher forte, independente e gentil que entrou em suas vidas trazendo amor e compaixão, mas que também pode ser a responsável por muitas tristezas e ilusões. Com delicadeza e equilíbrio, Diane Chamberlain constrói uma história sensível sobre amizade e relacionamentos e levanta a pergunta: até que ponto você seria capaz de perdoar alguém que ama? 0aLiteratura Americana 0aSaúde Mental 0aDrama 0aGrandes Amizades 0aPolêmica 0aExperiência de vida 0aRomance 0aFicção  aRegina LyraeTradutor